| 000 | 00415 a2200157 4500 | ||
|---|---|---|---|
| 005 | 20250625132954.0 | ||
| 020 | _a0-201-64204-3-4 | ||
| 082 | _a513JOR | ||
| 100 | _aJORDAN, B. E. | ||
| 245 | _aIntegrated Arithmetic & Basic Algebra, | ||
| 250 | _a2nd Ed. | ||
| 260 |
_aNew York, _bAddison Wesley Longman, _c2001. |
||
| 300 |
_avii.; 807p.; ill.; table, _bIndex, _c27cm. |
||
| 700 | _aPALOW, W. P. | ||
| 942 |
_2ddc _cBKS |
||
| 999 |
_c5079 _d5079 |
||